Advanced algebra (Record no. 181725)
[ view plain ]
| 000 -LEADER | |
|---|---|
| fixed length control field | 01228 a2200217 4500 |
| 003 - CONTROL NUMBER IDENTIFIER | |
| control field | Nust |
| 005 - DATE AND TIME OF LATEST TRANSACTION | |
| control field | 20221110120235.0 |
| 010 ## - LIBRARY OF CONGRESS CONTROL NUMBER | |
| LC control number | 92011860 |
| 020 ## - INTERNATIONAL STANDARD BOOK NUMBER | |
| International Standard Book Number | 0387978372 (New York) |
| 020 ## - INTERNATIONAL STANDARD BOOK NUMBER | |
| International Standard Book Number | 084451960x |
| 040 ## - CATALOGING SOURCE | |
| Transcribing agency | Nust |
| 082 00 - DEWEY DECIMAL CLASSIFICATION NUMBER | |
| Classification number | 512,USI |
| 100 1# - MAIN ENTRY--PERSONAL NAME | |
| Personal name | Usiskin,Zalman P |
| 9 (RLIN) | 102498 |
| 245 10 - TITLE STATEMENT | |
| Title | Advanced algebra |
| Remainder of title | with transformations and applications / |
| Statement of responsibility, etc. | Zalman P Usiskin, |
| 260 ## - PUBLICATION, DISTRIBUTION, ETC. | |
| Place of publication, distribution, etc. | New York : |
| Name of publisher, distributor, etc. | Laidlaw brothers |
| Date of publication, distribution, etc. | c1992. |
| 300 ## - PHYSICAL DESCRIPTION | |
| Extent | xii, 612p. : |
| Other physical details | ill. ; |
| Dimensions | 25 cm. |
| 440 #0 - SERIES STATEMENT/ADDED ENTRY--TITLE | |
| Title | Graduate texts in mathematics ; |
| Volume/sequential designation | 135 |
| 9 (RLIN) | 95739 |
| 505 ## - FORMATTED CONTENTS NOTE | |
| Formatted contents note | Addition And Multiplication Of Real Number (Page-1), Further Properties Of Real Numbers (Page-34), Applications And Modeling (Page-60), Transformations (Page-86), Matrices (Page-125), Linear And Circles (Page-150), Systems (Page-181), Rotations Sine’s And Cosines (Page-204), Mid-Course Review (Page-228), The Complex Number (Page-265), Quadratic Sentence (Page-297), Quadratic Relations (Page-325), Functions (Page-367), Exponential Functions (Page-406), Trigonometry And Circles (Page-449), Advanced Manipulative Tech (Page-485), Sequences, Sims And Statistics (Page-528), Summary (Page-580). |
| 650 #0 - SUBJECT ADDED ENTRY--TOPICAL TERM | |
| Topical term or geographic name entry element | Algebras, Linear. |
| 9 (RLIN) | 10720 |
| 942 ## - ADDED ENTRY ELEMENTS (KOHA) | |
| Source of classification or shelving scheme | |
| Koha item type | Book |
| Call number prefix | 512,USI |
| Withdrawn status | Lost status | Source of classification or shelving scheme | Damaged status | Not for loan | Permanent Location | Current Location | Shelving location | Date acquired | Full call number | Barcode | Date last seen | Price effective from | Koha item type | Public note |
|---|---|---|---|---|---|---|---|---|---|---|---|---|---|---|
| Military College of Signals (MCS) | Military College of Signals (MCS) | General Stacks | 12/12/2016 | 512,USI | MCS7528 | 12/08/2016 | 12/12/2016 | Book | AAlmirah No.10, Shelf No.6 |
